书目信息 |
| 题名: |
工程材料
|
|
| 作者: | 朱张校 主编 | |
| 分册: | ||
| 出版信息: | 北京 清华大学出版社 2001 |
|
| 页数: | 393页 | |
| 开本: | 26cm | |
| 丛书名: | ||
| 单 册: | ||
| 中图分类: | TB3 | |
| 科图分类: | ||
| 主题词: | 工程材料--高等学校--教材 , 工程材料 | |
| 电子资源: | ||
| ISBN: | 7-302-04115-6 | |
| 000 | 00615cam 22000241aa45 0 | |
| 001 | 0629292950 | |
| 005 | 20060929174538.96 | |
| 010 | @a7-302-04115-6@dCNY29.00 | |
| 100 | @a20010712d2001 em y0chiy0121 ea | |
| 101 | 0 | @achi |
| 102 | @aCN@b110000 | |
| 105 | @ay z 000yy | |
| 106 | @ar | |
| 200 | 10 | @a工程材料@f朱张校主编@Agong cheng cai liao |
| 205 | @a3版 | |
| 210 | @a北京@c清华大学出版社@d2001 | |
| 215 | @a393页@d26cm | |
| 606 | 0 | @a工程材料@x高等学校@j教材 |
| 606 | 0 | @a工程材料 |
| 690 | @aTB3@v3 | |
| 701 | 0 | @a朱张校@4主编@Azhu zhang xiao |
| 801 | 0 | @c20060929 |
| 905 | @a10447@dTB3@e132=3 | |
| 工程材料/朱张校主编.-3版 .-北京:清华大学出版社,2001 |
| 393页;26cm |
| ISBN 7-302-04115-6:CNY29.00 |
| ● |
| 相关链接 |
|
|
|
|
正题名:工程材料
索取号:TB3/132=3
 
预约/预借
| 序号 | 登录号 | 条形码 | 馆藏地/架位号 | 状态 | 备注 |
| 1 | 0483920 | 204839201 | 密集书库/ [索取号:TB3/132=3] | 在馆 | |
| 2 | 0483921 | 204839210 | 密集书库/ [索取号:TB3/132=3] | 在馆 | |
| 3 | 0484175 | 204841751 | 密集书库/ [索取号:TB3/132=3] | 在馆 |